Očakávané víťazstvo v 200. zápase turnaj 1. skupiny prvej fázy kvalifikácie ME 2008 hádzanárov

Bibliographic Details
Format: Article
Language:Slovak
PhysicalDescription:Tab.
ISSN:0139-7001
Subjects:

MARC

LEADER 00000nab a2200000 ar4500
001 vtls008939656
003 SK-MaSNL
005 20260303071318.0
008 070126c20070120xo wr|p|||||||000 b|slo
015 |a SNBRBL2007/01  |2 snkbucl 
038 |a SNKBUCL 
040 |a SNKBUCL  |b slo  |c SNKBUCL  |e AACR2 
041 0 |a slo 
044 |a xo  |c SK 
080 |a 796.322.093.1  |2 1997 
245 0 0 |a Očakávané víťazstvo v 200. zápase  |b turnaj 1. skupiny prvej fázy kvalifikácie ME 2008 hádzanárov 
300 |b Tab. 
650 0 7 |a hádzaná  |2 snkbucl  |9 3292 
650 0 7 |a muži  |2 snkbucl  |9 4888 
650 0 7 |a kvalifikácia ME 2008  |2 snkbucl  |9 1057474 
773 0 |t Šport  |g Roč. 61, č. 16 (20.1.2007), s. 38  |x 0139-7001 
852 |a SNK  |b KIS3GCP 
999 |c 1759309  |d 1761239